Kroniky Camorry. Dvojí tvář /
Úvodní kniha drsné milostné romance z mafiánského prostředí.
Uloženo v:
| Série: | Kroniky Camorry,
část 1 |
|---|---|
| Hlavní autor: | |
| Další autoři: | |
| Médium: | E-kniha |
| Jazyk: | Czech |
| Vydáno: |
Praha :
Dobrovský s.r.o.,
2025
|
| Edice: | Red
|
| Témata: | |
| Příbuzné jednotky: | Z cyklu::
Kroniky Camorry |
| Tagy: |
Žádné tagy |
| LEADER | 02790nam a2200469 i 4500 | ||
|---|---|---|---|
| 001 | 312656 | ||
| 003 | CZ PrSKC | ||
| 005 | 20260601215726.0 | ||
| 007 | ta | ||
| 008 | 250227s2025 xr g 000 f cze | ||
| 015 | |a cnb003674615 | ||
| 020 | |a 9788027741496 |q (brožováno) : |c Kč 399,00 | ||
| 035 | |a (OCoLC)1519102516 | ||
| 040 | |a ABG001 |b cze |e rda | ||
| 041 | 1 | |a cze |h eng | |
| 072 | 7 | |a 821.111-3 |x Anglická próza, anglicky psaná |2 Konspekt | |
| 080 | |a 821.111-31 |2 MRF | ||
| 080 | |a (0:82-312.5) |2 MRF | ||
| 100 | 1 | |a Reilly, Cora |7 xx0311735 |4 aut | |
| 240 | 1 | 0 | |a Twisted loyalties. |l Česky |
| 245 | 1 | 0 | |a Kroniky Camorry. |p Dvojí tvář / |c Cora Reilly ; přeložila Jana Milotová |
| 246 | 3 | 0 | |a Dvojí tvář |
| 264 | 1 | |a Praha : |b Dobrovský s.r.o., |c 2025 | |
| 300 | |a 336 stran ; |c 20 cm | ||
| 336 | |a text |b txt |2 rdacontent | ||
| 337 | |a bez média |b n |2 rdamedia | ||
| 338 | |a svazek |b nc |2 rdacarrier | ||
| 490 | 1 | |a Red | |
| 500 | |a Přeloženo z angličtiny | ||
| 520 | 2 | |a Úvodní kniha drsné milostné romance z mafiánského prostředí. |b Fabiana vychovali tak, aby šel v otcových šlépějích jako Consigliere chicagského Outfitu - dokud ho vlastní otec neponechal osudu. Fabiano se musí postarat sám o sebe a vybojovat si místo ve světě mafie. Jako nelítostný pouliční rváč rychle získá pozici nového vymahače lasvegaské Camorry. Stane se z něj muž, který v ostatních probouzí jen strach. Leona si chce vybudovat slušný život daleko od svojí drogově závislé matky. Brzy k sobě ale přiláká pozornost někoho nebezpečného - Fabiana Scuderiho. Držet se dál od problémů a žít normální život je s mužem jako on téměř nemožné. Leona ví, že se musí Fabianovi vyhýbat, ale někdo jako on se nedá jednoduše setřást. Vždycky dostane to, co chce. Fabianovi záleží jen na jediném: Camořře. City k Leoně ale brzy podrobí jeho nezlomnou věrnost mafii těžké zkoušce. Nakladatelská anotace. | |
| 655 | 7 | |a anglicky psané romány |7 fd131805 |2 czenas | |
| 655 | 7 | |a milostné romány |7 fd132840 |2 czenas | |
| 655 | 9 | |a fiction in English |2 eczenas | |
| 655 | 9 | |a love novels |2 eczenas | |
| 700 | 1 | |a Milotová, Jana, |d 1989- |7 xx0282530 |4 trl | |
| 787 | 0 | 8 | |i Z cyklu: |t Kroniky Camorry |g 1 |
| 830 | 0 | |a Red | |
| 900 | |a ABA001 |b 20 | ||
| 044 | |a xr | ||
| 910 | |a RBIT002 | ||
| 998 | |d 417630 |a https://core.palmknihy.cz/api/books/417630/cover?sslcsn |b https://core.palmknihy.cz/api/books/417630/cover/400?sslcsn |c https://core.palmknihy.cz/api/books/417630/cover/50?sslcsn |e 2029-11-09 |g 337 |i 9788027741496 |j https://core.palmknihy.cz/api/books/417630/preview.epub |k https://core.palmknihy.cz/api/books/417630/preview.pdf |l |q 49 |r 1 |s https://www.palmknihy.cz/kniha/417630 |t ebook |y 2025 |z 0 |v Kroniky Camorry |w 1 | ||
| 999 | |d 312654 | ||